| 000 | 00659nam a22001817a 4500 | ||
|---|---|---|---|
| 999 |
_c166871 _d166871 |
||
| 010 | _aENG-126154 | ||
| 020 |
_a978-93-87253-22-3 _c225.00 |
||
| 035 | _aEN-109686 | ||
| 037 | _bDBAD/PUB | ||
| 082 | _a343.056 | ||
| 100 | _aRam,Dhani | ||
| 245 |
_aGoods & Services Tax (GST) & Customs Law/ _cedited byDhani Ram[and] Surbhi Gupta |
||
| 260 |
_aNew Delhi _bKitab Mahal Publishers _c2018 |
||
| 270 |
_a8, Hari Sadan (G.F.) 20 Ansari Road, Darya Ganj, _bNew Delhi _e110002 _k23273230, 9810669341 _mkitab_mahal@hotmail.com _l011-23289285 |
||
| 300 |
_a272p. _b21cm(pbk) |
||
| 700 | _aDhani Ram[and]Surbhi Gupta | ||
| 942 |
_2ddc _cEN _h343.056 _mRAM |
||